000 00585naa a2200193 4500
001 149489
003 ES-MaBCM
005 20241016184154.0
008 070613s2007 fra|r0p 0 ||fre d
021 _axx
035 _a(OCoLC)1365188084
040 _cES-MaBCM
100 1 _aTrigon, Sandrine
_980252
245 0 0 _aL'ouvrage public, une oeuvre à respecter
_cSandrine Trigon
650 2 7 _aObras públicas
_959569
651 4 _aFrancia
_9115364
773 0 _aEn:
_tAJDA. L'actualité juridique. Droit administratif
_dParis
_w104215
_gNº 17 (avril 2007), p. 889-895
942 _cAREV
999 _c149489
_d149489